Analýza zlatých pravidiel financovania vo vzťahu k zachovaniu majetkovej podstaty podniku

Analýzy zlatých bilančných pravidiel, ktoré boli vykonané na súbore viac ako 200 000 účtovných závierok odovzdaných v roku 2016 daňovému úradu. Z týchto boli eliminované účtovné závierky spoločností v konkurze, likvidácii a zrušených spoločností. Ukazovatele boli počítané s použitím konečného počtu...

Descripción completa

Guardado en:
Detalles Bibliográficos
Autor principal: Kubaščíková, Zuzana, 1982-
Formato: Capítulo de libro
Lenguaje:eslovaco
Materias:
Etiquetas: Agregar Etiqueta
Sin Etiquetas, Sea el primero en etiquetar este registro!

MARC

LEADER 00000nla a2200000 4500
001 0240838
005 20240502073924.0
041 0 |a slo 
044 |a SK 
245 1 0 |a Analýza zlatých pravidiel financovania vo vzťahu k zachovaniu majetkovej podstaty podniku  |c Zuzana Kubaščíková 
520 |a Analýzy zlatých bilančných pravidiel, ktoré boli vykonané na súbore viac ako 200 000 účtovných závierok odovzdaných v roku 2016 daňovému úradu. Z týchto boli eliminované účtovné závierky spoločností v konkurze, likvidácii a zrušených spoločností. Ukazovatele boli počítané s použitím konečného počtu 84 898 účtovných závierok. 
610 2 0 |a účtovníctvo 
610 2 0 |a závierka účtovná 
610 2 0 |a analýzy 
610 2 0 |a financovanie 
610 2 0 |a štruktúra kapitálová 
610 2 0 |a majetok dlhodobý 
610 2 0 |a majetok obežný 
610 2 0 |a imanie vlastné 
610 2 0 |a zdroje finančné cudzie 
610 2 0 |a zdroje finančné vlastné 
100 1 |a Kubaščíková, Zuzana, 1982-